[Event "Titled Tuesday intern op 16th Apr Early"]
[Site "Chess.com INT"]
[Date "2024.04.16"]
[Round "4"]
[White "Demchenko, Anton"]
[Black "Ambartsumova, Karina"]
[Result "1-0"]
[WhiteElo "2609"]
[BlackElo "2406"]
[PlyCount "93"]
[EventDate "2024.04.16"]
[EventType "swiss (blitz)"]
[EventRounds "11"]
[EventCountry "USA"]
[SourceTitle "CB17_2024"]
[SourceDate "2024.04.24"]
[SourceVersion "1"]
[SourceVersionDate "2024.04.24"]
[SourceQuality "1"]

1. e4 e5 2. Nf3 Nc6 3. Bc4 Nf6 4. d3 h6 5. c3 d6 6. 0-0 g5 7. Bb3 Bg7 8. Na3 0-0 9. Nc4 Be6 10. Ne3 d5 11. Qc2 Qd7 12. Ba4 Qd6 13. exd5 Nxd5 14. Nc4 Qd8 15. Bxc6 bxc6 16. Nfxe5 Qf6 17. d4 Nf4 18. Bxf4 Qxf4 19. Rae1 Rad8 20. Nd3 Qf5 21. Ne3 Qg6 22. Rd1 Rb8 23. b3 Bd5 24. Nc5 Qxc2 25. Nxc2 Rfe8 26. Rfe1 Rbd8 27. Nb4 Bf6 28. f3 Kg7 29. Kf2 Rxe1 30. Rxe1 h5 31. Nbd3 h4 32. Ne5 Rd6 33. Ned7 Be6 34. Nxf6 Kxf6 35. Ne4+ Ke7 36. Nxd6 cxd6 37. c4 Kd7 38. Ke3 f6 39. g3 hxg3 40. hxg3 c5 41. d5 Bf5 42. g4 Bg6 43. Rh1 Kc7 44. Rh8 Bb1 45. Kd2 Bxa2 46. Kc2 a5 47. Kb2 1-0

[Event "Titled Tuesday intern op 16th Apr Late"]
[Site "Chess.com INT"]
[Date "2024.04.16"]
[Round "9"]
[White "Demchenko, Anton"]
[Black "Nasuta, Grzegorz"]
[Result "1-0"]
[WhiteElo "2609"]
[BlackElo "2552"]
[PlyCount "75"]
[EventDate "2024.04.16"]
[EventType "swiss (blitz)"]
[EventRounds "11"]
[EventCountry "USA"]
[SourceTitle "CB17_2024"]
[SourceDate "2024.04.24"]
[SourceVersion "1"]
[SourceVersionDate "2024.04.24"]
[SourceQuality "1"]

1. e4 e5 2. Nf3 Nc6 3. Bc4 Nf6 4. d3 Bc5 5. Bg5 h6 6. Bh4 d6 7. c3 Qe7 8. Nbd2 a6 9. 0-0 Ba7 10. Kh1 g5 11. Bg3 Bd7 12. b4 h5 13. h4 Bg4 14. Qb3 gxh4 15. Bxh4 0-0-0 16. Bd5 Nb8 17. b5 a5 18. b6 Bxb6 19. Rab1 Nbd7 20. d4 Rdg8 21. g3 Bxf3+ 22. Nxf3 Rg4 23. Bxf7 Rxh4+ 24. Nxh4 Nxe4 25. Ng6 Qf6 26. Nxh8 Qf3+ 27. Kg1 Nxg3 28. Qe6 Ne2+ 29. Kh2 Qf4+ 30. Kg2 Qg5+ 31. Kf3 c6 32. Kxe2 exd4 33. Rxb6 dxc3 34. Qe8+ Kc7 35. Rxb7+ Kxb7 36. Qxd7+ Kb6 37. Rb1+ Kc5 38. Qa7# 1-0

[Event "Titled Tuesday intern op 16th Apr Late"]
[Site "Chess.com INT"]
[Date "2024.04.16"]
[Round "1"]
[White "Manukian, Artak"]
[Black "Demchenko, Anton"]
[Result "0-1"]
[WhiteElo "2196"]
[BlackElo "2609"]
[PlyCount "106"]
[EventDate "2024.04.16"]
[EventType "swiss (blitz)"]
[EventRounds "11"]
[EventCountry "USA"]
[SourceTitle "CB17_2024"]
[SourceDate "2024.04.24"]
[SourceVersion "1"]
[SourceVersionDate "2024.04.24"]
[SourceQuality "1"]

1. e4 e5 2. Nf3 Nc6 3. d4 exd4 4. Nxd4 Bc5 5. Nxc6 bxc6 6. Bc4 d6 7. 0-0 Qh4 8. Nc3 Nf6 9. Qf3 Bg4 10. Qg3 Qxg3 11. hxg3 a5 12. Re1 Nd7 13. Be3 Bxe3 14. Rxe3 a4 15. f3 Be6 16. Bxe6 fxe6 17. f4 e5 18. f5 Nf6 19. Nd1 0-0 20. Nf2 Rfb8 21. b3 axb3 22. Rxb3 Kf7 23. g4 h6 24. a4 Rb6 25. a5 Rba6 26. Rba3 Ke7 27. c4 Rb8 28. Kf1 Kd7 29. Ke2 Rb2+ 30. Ke3 Kc8 31. R1a2 Rb4 32. Ra4 Rb3+ 33. Ke2 Rg3 34. R4a3 Rxg2 35. Kf3 Rg1 36. Ra1 Rxa1 37. Rxa1 Kd7 38. Nd3 c5 39. Nc1 Ke7 40. Nb3 Nd7 41. Ke3 Nb8 42. Rg1 Nc6 43. g5 hxg5 44. Rxg5 Kf7 45. Rg1 Nxa5 46. Ra1 Nxc4+ 47. Kd3 Rxa1 48. Nxa1 Nb6 49. Nc2 c6 50. Ne3 Ke7 51. Ng4 Nd7 52. Ke3 Nf6 53. Nf2 d5 0-1

[Event "Titled Tuesday intern op 02nd Apr Early"]
[Site "Chess.com INT"]
[Date "2024.04.02"]
[Round "1"]
[White "Zubarev, Alexander2"]
[Black "Demchenko, Anton"]
[Result "0-1"]
[WhiteElo "2372"]
[BlackElo "2609"]
[PlyCount "48"]
[EventDate "2024.04.02"]
[EventType "swiss (blitz)"]
[EventRounds "11"]
[EventCountry "USA"]
[SourceTitle "CB15_2024"]
[SourceDate "2024.04.10"]
[SourceVersion "1"]
[SourceVersionDate "2024.04.10"]
[SourceQuality "1"]

1. Nf3 Nf6 2. c4 d6 3. Nc3 Nc6 4. d4 e5 5. dxe5 dxe5 6. Qxd8+ Kxd8 7. h3 Be6 8. Ng5 Bxc4 9. b3 Bb4 10. Bd2 h6 11. e4 hxg5 12. Bxc4 Bxc3 13. Bxc3 Nxe4 14. Bb2 f6 15. 0-0-0+ Ke7 16. Ba3+ Nd6 17. Rd5 a5 18. Rc5 Rhc8 19. Bd5 Nb4 20. Kb1 b6 21. Bxa8 bxc5 22. Bf3 Nb5 23. Bb2 Nd4 24. Bg4 Rb8 0-1

[Event "Titled Tuesday intern op 13th Feb Early"]
[Site "Chess.com INT"]
[Date "2024.02.13"]
[Round "9"]
[White "Demchenko, Anton"]
[Black "Nakamura, Hikaru"]
[Result "0-1"]
[WhiteElo "2609"]
[BlackElo "2788"]
[PlyCount "140"]
[EventDate "2024.02.13"]
[EventType "swiss (blitz)"]
[EventRounds "11"]
[EventCountry "USA"]
[SourceTitle "CB08_2024"]
[SourceDate "2024.02.21"]
[SourceVersion "1"]
[SourceVersionDate "2024.02.21"]
[SourceQuality "1"]

1. e4 c5 2. Nf3 e6 3. g3 g6 4. d4 cxd4 5. Nxd4 a6 6. Bg2 Bg7 7. 0-0 Ne7 8. c4 d6 9. Nc3 0-0 10. Be3 e5 11. Nc2 Be6 12. b3 Nbc6 13. Qd2 f5 14. f3 f4 15. Bf2 Qd7 16. Rad1 Rad8 17. Bb6 Rde8 18. Bc5 Nc8 19. Bxd6 Nxd6 20. Qxd6 Qc8 21. Qd2 g5 22. g4 h5 23. h3 Rf7 24. Nd5 Bf8 25. b4 Bxd5 26. cxd5 Nxb4 27. Nxb4 Qc5+ 28. Rf2 Qxb4 29. Qxb4 Bxb4 30. Rc2 b6 31. Bf1 Bc5+ 32. Kg2 hxg4 33. hxg4 Ra7 34. d6 Rd8 35. Rd5 Bxd6 36. Rc6 Be7 37. Rxd8+ Bxd8 38. Bc4+ Kf8 39. a4 b5 40. axb5 axb5 41. Bxb5 Ra2+ 42. Kf1 Rb2 43. Bd3 Bb6 44. Rc2 Rb3 45. Ke2 Ke7 46. Ra2 Bd4 47. Ra6 Rb2+ 48. Kd1 Be3 49. Bc4 Bb6 50. Kc1 Rb4 51. Bd5 Kd6 52. Kc2 Kc7 53. Kc3 Rb1 54. Ra4 Rf1 55. Rc4+ Kd7 56. Rc6 Rxf3+ 57. Kc4 Bd4 58. Rg6 Rc3+ 59. Kb4 f3 60. Rxg5 f2 61. Rf5 Rg3 62. g5 Rxg5 63. Rf3 Rg1 64. Bc4 Re1 65. Bd3 Kd6 66. Kc4 Rc1+ 67. Kb4 Rc3 68. Rf6+ Ke7 69. Rf3 Rxd3 70. Rxd3 f1Q 0-1

[Event "Titled Tuesday intern op 06th Feb Early"]
[Site "Chess.com INT"]
[Date "2024.02.06"]
[Round "5"]
[White "Erigaisi, Arjun Kumar"]
[Black "Demchenko, Anton"]
[Result "1-0"]
[WhiteElo "2738"]
[BlackElo "2609"]
[PlyCount "61"]
[EventDate "2024.02.06"]
[EventType "swiss (blitz)"]
[EventRounds "11"]
[EventCountry "USA"]
[SourceTitle "CB07_2024"]
[SourceDate "2024.02.14"]
[SourceVersion "1"]
[SourceVersionDate "2024.02.14"]
[SourceQuality "1"]

1. Nf3 Nf6 2. b3 g6 3. Bb2 Bg7 4. g3 0-0 5. Bg2 d6 6. 0-0 e5 7. c4 a5 8. Nc3 Re8 9. d4 Nbd7 10. Qc2 c6 11. e4 exd4 12. Nxd4 Nc5 13. Rad1 Qb6 14. a3 Nfd7 15. Nce2 Nf6 16. Nc3 h5 17. Kh1 h4 18. gxh4 Qd8 19. Bf3 Nfd7 20. h5 Qh4 21. Rg1 Ne5 22. hxg6 fxg6 23. Rg3 g5 24. Rdg1 g4 25. Be2 Kf7 26. f4 Rh8 27. R1g2 Ng6 28. Qd2 Bh6 29. Rf2 Qxg3 30. hxg3 Bg7+ 31. Kg2 1-0

[Event "Titled Tuesday intern op 06th Feb Early"]
[Site "Chess.com INT"]
[Date "2024.02.06"]
[Round "9"]
[White "Ju, Wenjun"]
[Black "Demchenko, Anton"]
[Result "1-0"]
[WhiteElo "2559"]
[BlackElo "2609"]
[PlyCount "57"]
[EventDate "2024.02.06"]
[EventType "swiss (blitz)"]
[EventRounds "11"]
[EventCountry "USA"]
[SourceTitle "CB07_2024"]
[SourceDate "2024.02.14"]
[SourceVersion "1"]
[SourceVersionDate "2024.02.14"]
[SourceQuality "1"]

1. d4 Nf6 2. c4 d6 3. Nf3 Nc6 4. g3 e5 5. dxe5 dxe5 6. Qxd8+ Kxd8 7. Bg5 Be6 8. Nbd2 Kc8 9. Bxf6 gxf6 10. 0-0-0 a5 11. e3 a4 12. a3 Be7 13. h4 f5 14. Ng5 e4 15. Nxe6 fxe6 16. g4 Rf8 17. gxf5 exf5 18. Be2 Bf6 19. f3 Ra6 20. Kc2 exf3 21. Nxf3 Rb6 22. Nd4 Re8 23. Nb5 Ne5 24. Rhf1 Bxh4 25. Rxf5 Rf6 26. Rh5 Rf2 27. Rd2 Be7 28. Rxe5 Kb8 29. Rxe7 1-0

[Event "Titled Tuesday intern op 06th Feb Early"]
[Site "Chess.com INT"]
[Date "2024.02.06"]
[Round "7"]
[White "Martinez Alcantara, Jose Eduardo"]
[Black "Demchenko, Anton"]
[Result "1-0"]
[WhiteElo "2610"]
[BlackElo "2609"]
[PlyCount "79"]
[EventDate "2024.02.06"]
[EventType "swiss (blitz)"]
[EventRounds "11"]
[EventCountry "USA"]
[SourceTitle "CB07_2024"]
[SourceDate "2024.02.14"]
[SourceVersion "1"]
[SourceVersionDate "2024.02.14"]
[SourceQuality "1"]

1. e4 e5 2. Nf3 Nc6 3. Nc3 Nf6 4. h3 Bb4 5. a3 Bxc3 6. dxc3 d6 7. Bd3 h6 8. Qe2 Ne7 9. Be3 Ng6 10. 0-0-0 Qe7 11. Nd2 b6 12. g3 Bb7 13. Bb5+ Nd7 14. f3 0-0-0 15. a4 c6 16. Bd3 Nc5 17. a5 b5 18. Bxc5 dxc5 19. Qe3 c4 20. Qxa7 cxd3 21. a6 Bxa6 22. Qxa6+ Qb7 23. Qa3 Qe7 24. Qa8+ Kc7 25. Qa5+ Kb7 26. cxd3 Ra8 27. Qb4 Qxb4 28. cxb4 Ra4 29. Kc2 Rxb4 30. Ra1 Ra8 31. Rxa8 Kxa8 32. Ra1+ Kb7 33. Kc3 Rd4 34. Nb3 Rd8 35. Nc5+ Kb6 36. b4 Nf8 37. Ra6+ Kc7 38. Ra7+ Kb8 39. Rxf7 g5 40. Rxf8 1-0

[Event "Titled Tuesday intern op 16th Jan Early"]
[Site "Chess.com INT"]
[Date "2024.01.16"]
[Round "10"]
[White "Demchenko, Anton"]
[Black "Bardyk, Artem"]
[Result "1-0"]
[WhiteElo "2609"]
[BlackElo "2206"]
[PlyCount "75"]
[EventDate "2024.01.16"]
[EventType "swiss (blitz)"]
[EventRounds "11"]
[EventCountry "USA"]
[SourceTitle "CB04_2024"]
[SourceDate "2023.10.16"]
[SourceVersion "1"]
[SourceVersionDate "2023.10.16"]
[SourceQuality "1"]

1. e4 e5 2. Nf3 Nc6 3. Bc4 Bc5 4. d3 Nf6 5. Bg5 h6 6. Bh4 a6 7. c3 Be7 8. Bg3 d6 9. a4 0-0 10. Nbd2 Be6 11. Bxe6 fxe6 12. h3 Nh5 13. 0-0 Nf4 14. Bxf4 Rxf4 15. b4 Qf8 16. Qb3 Nd8 17. b5 a5 18. d4 exd4 19. cxd4 c6 20. Rac1 Kh8 21. Rc3 Rc8 22. Nc4 cxb5 23. Nce5 bxa4 24. Ng6+ Kg8 25. Qxa4 Rxc3 26. Nxf8 Rxf8 27. Qxa5 Rcxf3 28. gxf3 Nc6 29. Qb6 Bd8 30. Qb2 Rxf3 31. Kg2 Rf8 32. f4 d5 33. Qxb7 Nxd4 34. exd5 Nf5 35. Re1 exd5 36. Qxd5+ Kh8 37. Qc5 Rg8 38. Qxf5 1-0

[Event "Titled Tuesday intern op 16th Jan Early"]
[Site "Chess.com INT"]
[Date "2024.01.16"]
[Round "5"]
[White "Demchenko, Anton"]
[Black "Sonis, Francesco"]
[Result "0-1"]
[WhiteElo "2609"]
[BlackElo "2573"]
[PlyCount "116"]
[EventDate "2024.01.16"]
[EventType "swiss (blitz)"]
[EventRounds "11"]
[EventCountry "USA"]
[SourceTitle "CB04_2024"]
[SourceDate "2023.10.16"]
[SourceVersion "1"]
[SourceVersionDate "2023.10.16"]
[SourceQuality "1"]

1. e4 e5 2. Nf3 Nc6 3. Bc4 Bc5 4. d3 Nf6 5. Bg5 h6 6. Bh4 d6 7. c3 Bb6 8. Nbd2 Qe7 9. a4 a5 10. 0-0 Be6 11. Bb5 g5 12. Bg3 Nd7 13. Nc4 f5 14. exf5 Bxf5 15. d4 e4 16. Nfd2 d5 17. Ne3 Be6 18. Nxe4 dxe4 19. d5 Bxe3 20. fxe3 0-0-0 21. dxe6 Qxe6 22. Qh5 Nce5 23. b4 Nf6 24. Qe2 c6 25. bxa5 cxb5 26. Qxb5 Rd5 27. Qb3 Nfd7 28. a6 bxa6 29. Rab1 Qc6 30. c4 Rc5 31. Rf5 Re8 32. h3 Nd3 33. Rf7 N3e5 34. Rh7 Rxc4 35. Bxe5 Rxe5 36. Rh8+ Kc7 37. Rh7 Rec5 38. Kh2 Rc1 39. Rxc1 Qd6+ 40. Kg1 Rxc1+ 41. Kf2 Rc6 42. Rf7 Qd2+ 43. Kg3 Rc3 44. Qe6 Qd6+ 45. Qxd6+ Kxd6 46. Rh7 Nf6 47. Rxh6 Ke5 48. Rg6 Kf5 49. Rg7 Rxe3+ 50. Kf2 Ra3 51. g4+ Kf4 52. Rf7 Ra2+ 53. Ke1 Ke5 54. Rg7 Nd5 55. Rxg5+ Kd4 56. h4 Nf4 57. h5 Ke3 58. Kd1 Nd3 0-1